|
|
|
|
| LEADER |
00000nam0a2200000 4500 |
| 001 |
202837 |
| 005 |
20231101225120.0 |
| 010 |
|
|
|a 5210002799
|
| 020 |
|
|
|a RU
|b 91-50024
|
| 035 |
|
|
|a (RuTPU)RU\TPU\book\221034
|
| 090 |
|
|
|a 202837
|
| 100 |
|
|
|a 20111022d1991 m a0rusy5003 ca
|
| 101 |
0 |
|
|a rus
|
| 102 |
|
|
|a RU
|
| 105 |
|
|
|a a z 001zd
|
| 200 |
1 |
|
|a Семь с половиной, или Фильмы Андрея Тарковского
|f М. Туровская
|
| 210 |
|
|
|a Москва
|c Искусство
|d 1991
|
| 215 |
|
|
|a 253,[2] с.
|c ил.
|d 25 см
|
| 320 |
|
|
|a Библиогр.: с. 250. (20 назв.)
|
| 320 |
|
|
|a Фильмогр.: с. 251-254.
|
| 600 |
|
1 |
|a Тарковский
|b А. А.
|c российский кинорежиссер
|f 1932-1986
|g Андрей Арсеньевич
|2 stltpush
|3 (RuTPU)RU\TPU\pers\8007
|9 1564
|
| 610 |
1 |
|
|a кинорежиссура
|
| 610 |
1 |
|
|a биографии
|
| 610 |
1 |
|
|a кино
|
| 610 |
1 |
|
|a СССР
|
| 610 |
1 |
|
|a история
|
| 675 |
|
|
|a 791.44.071(092) Тарковский
|z rus
|
| 700 |
|
1 |
|a Туровская
|b М. И.
|g Майя Иосифовна
|4 070
|
| 801 |
|
0 |
|a RU
|b RuMRKP
|c 19950417
|g psbo
|
| 801 |
|
1 |
|a RU
|b 63413507
|c 20111022
|
| 801 |
|
2 |
|a RU
|b 63413507
|c 20111024
|g RCR
|
| 942 |
|
|
|c BK
|